Swami Vivekananda : (Record no. 143807)

MARC details
000 -LEADER
fixed length control field 00577nam a22001937a 4500
005 - DATE AND TIME OF LATEST TRANSACTION
control field 20170825102501.0
010 ## - LCCN (DPL NO)
LC control number ENG-120026
020 ## - INTERNATIONAL STANDARD BOOK NUMBER
International Standard Book Number 9788192805856
Terms of availability 500.00
035 ## - SYSTEM CONTROL NUMBER
System control number EN-103558
037 ## - SOURCE OF ACQUISITION
Source of stock number/acquisition DBAD/PUB
082 ## - DEWEY DECIMAL CLASSIFICATION NUMBER
Classification number 181.499
100 ## - MAIN ENTRY--PERSONAL NAME
Personal name Ahuja, Manish
245 ## - TITLE STATEMENT
Title Swami Vivekananda :
Remainder of title his global vision /
Statement of responsibility, etc by Manish Ahuja
260 ## - PUBLICATION, DISTRIBUTION, ETC. (IMPRINT)
Place of publication, distribution, etc Guwahati
Name of publisher, distributor, etc Madhurima Books
Date of publication, distribution, etc 2015
270 ## - ADDRESS
Address Kalapahar, Opp. SBI Vinobanagar Branch
City Guwahati
Postal code 781018
300 ## - PHYSICAL DESCRIPTION
Extent 224p.
Dimensions 22cm(Hb)
500 ## - GENERAL NOTE
General note Includes index
942 ## - ADDED ENTRY ELEMENTS (KOHA)
Source of classification or shelving scheme Dewey Decimal Classification
Item type English Books
Classification part 181.499
Call number suffix AHU
Holdings
Withdrawn status Lost status Not for loan Collection code Home library Current library Date acquired Source of acquisition Cost, normal purchase price Full call number Barcode Copy number Cost, replacement price Koha item type
    Not For Loan Non-fiction D.B.Act.Division Bawana 25/08/2017 DBAD/PUB 500.00 181.499 AHU EN-103558 1 500.00 English Books

© Delhi Public Library
Hit Counter
free hit counter